Németh László és Tamási. {Németh László si Tamási Aron}. [Németh László and Tamási Aron]
Elmentve itt :
| Szerző: | |
|---|---|
| Adatforrás: | Meister |
| Forrásdokumentuma: | Művelődés. - 2001. 5, 12. |
| Nyelv: | magyar |
| Kulcsszavak: | művelődéstörténet istoria culturii history of culture NÉMETH László TAMASI Aron |
| LEADER | 00525nab a2200169 i 4500 | ||
|---|---|---|---|
| 001 | bibPRO00012147 | ||
| 008 | 080908s2001 xx hun | ||
| 040 | |a Sz1 | ||
| 041 | |a hun | ||
| 100 | 1 | |a LÖRINCZ Emese | |
| 245 | 1 | 0 | |a Németh László és Tamási. {Németh László si Tamási Aron}. [Németh László and Tamási Aron] |c LÖRINCZ Emese |
| 695 | |a művelődéstörténet | ||
| 695 | |a istoria culturii | ||
| 695 | |a history of culture | ||
| 695 | |a NÉMETH László | ||
| 695 | |a TAMASI Aron | ||
| 773 | 0 | |t Művelődés. - |g 2001. 5, 12. | |